Enthalpy Differences of the n-Pentane Conformers

Elmentve itt :
Bibliográfiai részletek
Szerzők: Csontos József
Nagy Balázs
Gyevi-Nagy László
Kállay Mihály
Tasi Gyula
Dokumentumtípus: Cikk
Megjelent: 2016
Sorozat:Journal of Chemical Theory and Computation 12 No. 6
doi:10.1021/acs.jctc.6b00280

mtmt:3080393
Online Access:http://publicatio.bibl.u-szeged.hu/8116
LEADER 00800nab a2200241 i 4500
001 publ8116
005 20190403150105.0
008 161020s2016 hu o 0|| angol d
022 |a 1549-9618 
024 7 |a 10.1021/acs.jctc.6b00280  |2 doi 
024 7 |a 3080393  |2 mtmt 
040 |a SZTE Publicatio Repozitórium  |b hun 
041 |a angol 
100 1 |a Csontos József 
245 1 0 |a Enthalpy Differences of the n-Pentane Conformers  |h [elektronikus dokumentum] /  |c  Csontos József 
260 |c 2016 
300 |a 2679-2688 
490 0 |a Journal of Chemical Theory and Computation  |v 12 No. 6 
700 0 1 |a Nagy Balázs  |e aut 
700 0 2 |a Gyevi-Nagy László  |e aut 
700 0 2 |a Kállay Mihály  |e aut 
700 0 2 |a Tasi Gyula  |e aut 
856 4 0 |u http://publicatio.bibl.u-szeged.hu/8116/1/proof.pdf  |z Dokumentum-elérés